New HSK Vocabulary Vol 4
Salvato in:
| Natura: | Libro |
|---|---|
| Lingua: | Chinese |
| Pubblicazione: |
China
Foreign Language Teaching and Research Press
2012
|
| Soggetti: | |
| Tags: |
Aggiungi Tag
Nessun Tag, puoi essere il primo ad aggiungerne! !
|
| Thư viện lưu trữ: | Trung tâm Học liệu Lê Vũ Hùng, Trường Đại học Đồng Tháp |
|---|
| LEADER | 00805pam a22003258a 4500 | ||
|---|---|---|---|
| 001 | 00035458 | ||
| 005 | 20171026081025.0 | ||
| 008 | 161208s2012 ||||||chisd | ||
| 020 | # | # | |a 9787513519755 |c 315000 |
| 041 | 0 | # | |a chi |
| 082 | 1 | 4 | |a 495.1 |b N200W |
| 245 | 1 | 0 | |a New HSK Vocabulary |n Vol 4 |
| 260 | # | # | |a China |b Foreign Language Teaching and Research Press |c 2012 |
| 300 | # | # | |a 143 tr. |c 14 cm. |
| 653 | # | # | |a Ngôn ngữ |
| 653 | # | # | |a Tiếng Trung |
| 653 | # | # | |a Từ vựng |
| 653 | # | # | |a Tự học |
| 852 | # | # | |j KD.0019130 |
| 852 | # | # | |j KD.0019130 |b Kho đọc |
| 910 | 0 | # | |d 08/12/2016 |
| 980 | # | # | |a Trung tâm Học liệu Lê Vũ Hùng, Trường Đại học Đồng Tháp |


